Eastern Utah Libraries Catalog: Duchesne, Heber, Roosevelt, & Vernal

An echo in the darkness / (Record no. 107586)

MARC details
000 -LEADER
fixed length control field 01509nam a2200361 a 4500
001 - CONTROL NUMBER
control field BK0002453315
005 - DATE AND TIME OF LATEST TRANSACTION
control field 20241220140032.0
008 - FIXED-LENGTH DATA ELEMENTS--GENERAL INFORMATION
fixed length control field 110819r20021994ilu 000 1 eng d
010 ## - LIBRARY OF CONGRESS CONTROL NUMBER
LC control number bl2011023874
020 ## - INTERNATIONAL STANDARD BOOK NUMBER
International Standard Book Number 9780842313070 : PAP
Terms of availability $15.99
020 ## - INTERNATIONAL STANDARD BOOK NUMBER
International Standard Book Number 0842313079 : PAP
Terms of availability $15.99
037 ## - SOURCE OF ACQUISITION
Source of stock number/acquisition Tyndale House Pub, Attn Sharon Heggeland Po Box 80, Wheaton, IL, USA, 60189, (630)6688300
Note SAN 206-7749
040 ## - CATALOGING SOURCE
Original cataloging agency NjBwBT
Transcribing agency NjBwBT
050 14 - LIBRARY OF CONGRESS CALL NUMBER
Classification number PS3568.I83165
Item number E24 2002
082 04 - DEWEY DECIMAL CLASSIFICATION NUMBER
Classification number 813/.54
Edition number 23
092 ## - LOCALLY ASSIGNED DEWEY CALL NUMBER (OCLC)
Classification number 813.5400
092 ## - LOCALLY ASSIGNED DEWEY CALL NUMBER (OCLC)
Classification number RIVERS
100 1# - MAIN ENTRY--PERSONAL NAME
Personal name Rivers, Francine,
Dates associated with a name 1947-
9 (RLIN) 39047
245 13 - TITLE STATEMENT
Title An echo in the darkness /
Statement of responsibility, etc Francine Rivers.
260 ## - PUBLICATION, DISTRIBUTION, ETC. (IMPRINT)
Place of publication, distribution, etc Carol Stream, Ill. :
Name of publisher, distributor, etc Tyndale House Publishers,
Date of publication, distribution, etc c2002.
300 ## - PHYSICAL DESCRIPTION
Extent xxiv, 453 p. ;
Dimensions 23 cm.
490 1# - SERIES STATEMENT
Series statement Mark of the lion ;
Volume number/sequential designation bk. 2
500 ## - GENERAL NOTE
General note Originally published: Wheaton, Ill. : Tyndale House Publishers, c1994.
520 ## - SUMMARY, ETC.
Summary, etc Turning away from the opulence of Rome, Marcus is led by a whispering voice from the past into a journey that could set him free from the darkness of his soul.
650 #0 - SUBJECT ADDED ENTRY--TOPICAL TERM
Topical term or geographic name as entry element Church history
Chronological subdivision Primitive and early church, ca. 30-600
Form subdivision Fiction.
9 (RLIN) 5683184
651 #0 - SUBJECT ADDED ENTRY--GEOGRAPHIC NAME
Geographic name Rome
General subdivision History
Chronological subdivision Empire, 30 B.C.-476 A.D.
Form subdivision Fiction.
9 (RLIN) 5793340
650 #0 - SUBJECT ADDED ENTRY--TOPICAL TERM
Topical term or geographic name as entry element Women slaves
Form subdivision Fiction.
9 (RLIN) 6359601
655 #7 - INDEX TERM--GENRE/FORM
Genre/form data or focus term Historical fiction.
Source of term gsafd
9 (RLIN) 6265198
655 #7 - INDEX TERM--GENRE/FORM
Genre/form data or focus term Christian fiction.
Source of term gsafd
9 (RLIN) 6265199
800 1# - SERIES ADDED ENTRY--PERSONAL NAME
Personal name Rivers, Francine, 1947-
Title of a work Mark of the lion ;
Volume/sequential designation bk. 2.
9 (RLIN) 39050
942 ## - ADDED ENTRY ELEMENTS (KOHA)
Koha item type BOOK
998 ## - LOCAL CONTROL INFORMATION (RLIN)
-- a183250
Holdings
Withdrawn status Lost status Source of classification or shelving scheme Damaged status Not for loan Collection code Home library Current library Shelving location Date acquired Source of acquisition Total Checkouts Total Renewals Full call number Barcode Date last seen Date checked out Cost, replacement price Price effective from Koha item type
    Dewey Decimal Classification     Fiction Wasatch County Library Wasatch County Library First Floor 06/10/2021 Donation 4 3 F Rivers 34301000630139 02/29/2024 03/07/2023 20.00 06/10/2021 BOOK
This project was made possible through a grant from the Institute of Museum and Library Service administered by the Utah State Library Division.

Wasatch County Library

  • 465 East 1200 South, Heber City, Utah 84032
  • Phone 435-654-1511 | Fax 435-654-6456

Hours

  • Monday - Friday 9:30 AM - 8:00 PM
  • Saturday 9:30 AM - 1:30 PM
  • Closed Sundays and Holidays